Hodnotenia udržateľného rozvoja v kontexte teórie ekonómie udržateľnosti

Sumarizácia základných téz ekonómie udržateľnosti. Hodnotenie udržateľného rozvoja a rôzne ukazovatele empirických štúdií. Myšlienky zachovania dlhodobých predpokladov sociálno-ekonomického rozvoja.

Gespeichert in:
Bibliographische Detailangaben
1. Verfasser: Labaj, Marián
Format: Buchkapitel
Sprache:Slowakisch
Schlagworte:
Tags: Tag hinzufügen
Keine Tags, Fügen Sie das erste Tag hinzu!

MARC

LEADER 00000nla$a2200000$$$4500
001 0145239
005 20221103133940.3
041 0 |a slo 
044 |a SK 
245 1 0 |a Hodnotenia udržateľného rozvoja v kontexte teórie ekonómie udržateľnosti  |c Marián Labaj 
520 |a Sumarizácia základných téz ekonómie udržateľnosti. Hodnotenie udržateľného rozvoja a rôzne ukazovatele empirických štúdií. Myšlienky zachovania dlhodobých predpokladov sociálno-ekonomického rozvoja. 
610 2 0 |a situácia hospodárska 
610 2 0 |a rast hospodársky 
610 2 0 |a odvetvia činnosti ekonomickej 
610 2 0 |a rozvoj sociálno-ekonomický 
610 2 0 |a zdroje prírodné 
610 2 0 |a kapitál 
610 2 0 |a rozvoj trvalo udržateľný 
610 2 0 |a ukazovatele ekonomické 
100 1 |a Labaj, Marián